000 00779nas a2200253 4500
001 BR9502976
003 BR-BrBNA
005 20231205094039.0
007 ta
008 230509b bl.|||p| |||| 00| 00por d
040 _aBR-BrBNA
_bpor
_cBiblioteca Nacional de Agricultura
041 _a(Pt)
072 _aP06
100 1 _aQueiroz, L.C. de
100 1 _aNascimento, M.J.M. do
245 1 _aAutoproducao de energia eletrica atraves de gaseificacao de bagaco de cana - situacao atual e perspectivas
650 _aEnergia Eletrica
650 _aCana de Acucar
650 _aBagaco
650 _aGaseificacao
773 0 _tSTAB (Brazil)
_xISSN 0102-1214
_g(May-Jun 1993), v. 11(5) p. 28-32
_wBR9502976
909 _a202311
_bLúcia
_c55
_dLúcia Elande
942 _2AGRIS
_n0
_cANA
999 _c141738
_d141738